New Orleans Pelicans 2025-2026 Roster - Statistics

General Stats
  • This quiz has been taken 24 times
    12 since last reset
  • The average score is 12 of 17
Answer Stats
Jersey # Pos Answer % Correct
1 F Zion Williamson
100%
2 F Herbert Jones
89%
0 G Jeremiah Fears
89%
25 F Trey Murphy III
89%
6 C DeAndre Jordan
78%
5 G Dejounte Murray
78%
22 C Derik Queen
78%
24 G Jordan Hawkins
78%
3 G Jordan Poole
78%
17 F-C Karlo Matkovic
78%
41 G-F Saddiq Bey
78%
21 C Yves Missi
78%
55 F Kevon Looney
67%
11 G Bryce McGowens
44%
14 G-F Micah Peavy
44%
4 C Hunter Dickinson
33%
23 G Trey Alexander
33%
No matching quizzes found
Score Distribution
Percent of People with Each Score
Percentile by Number Answered
Your Score History
You have not taken this quiz since the last reset